00271 a2200109 4500001000700000020000600007040001100013100002300024240005500047245005000102362000900152171293 a  cMagnum aTambores da Rainha10aFolc: informativo do folclore mineiro 01/2000lpor10aFolc: informativo do folclore mineiro 01/20000 a1899